1993 1145 1384 1960 1062 1695 1565 1495 1784 1530 1843 1868 1058 1741 1469 1060 1035 1290 1019 1497 1908 1561 1659 1025 1559 1715 1983 1042 1631 1570 1721 1561 1838 1176 1100 1938 1867 1480 1555 1969 1060 1516 1266 1084 1341 1997 1285 1819 1409 1981 1669 1518 1417 1062 1504 1085 1715 1608 1159 1878 1346 1562 1431 1755 1375 1350 1653 1581 1867 1041 1674 1935 1729 1369 1235 1389 1119 1213 1331 1392 1703 1751 1611 1427 1976 1848 1596 1037 1326 1213 1652 1141 1553 1322 1323 1591 1456 1382 1674 BCNSPRNW ULIB Ver.6.0+V

เปลี่ยนเป็นภาษาไทย

Change to English
 แสดงรายละเอียดบรรณานุกรม
  กลับหน้าหลัก

Brief Record : Get Marc (ISO 2709) : E-mail record : QR code < ปิดหน้าต่าง
LEADER : 00000nam 2200000uu 4500
001    13399120245
003     ULIB
008    120917s2546||||th 000 0 tha d
020    ^a9745461008
060 04 ^aWY161^bด111ก 2546
100 0  ^aดารัสนี โพธารส
245 10 ^aการพยาบาลผู้ป่วยในห้องพักฟื้น =^bPost-operative nursingcare in recovery room /^cดารัสนี โพธารส
246 31 ^aPost-operative nursing care in recovery room
250    ^aพิมพ์ครั้งที่ 1
260    ^aชลบุรี :^bภาควิชาการพยาบาลอายุรศาสตร์และสังคมศาสตร์คณะพยาบาลศาสตร์ มหาวิทยาลัยบูรพา,^c2546
300    ^aก-ช, 113 หน้า :^bภาพประกอบ ;^c26 ซม.
440  0 ^aโครงการตำรา คณะพยาบาลศาสตร์ มหาวิทยาลัยบูรพา
536    ^aได้รับการสนับสนุนงบประมาณจากโครงการตำรา คณะพยาบาลศาสตร์มหาวิทยาลัยบูรพา
650  2 ^aNursing Care
650  2 ^aPerioperative Nursing
650  7 ^aการพยาบาลศัลยศาสตร์
650  7 ^aการพยาบาล
710 2  ^aมหาวิทยาลัยบูรพา. ^bคณะพยาบาลศาสตร์. ^bภาควิชาการพยาบาลอายุรศาสตร์และศัลยศาสตร์
945    ^p150^l0^i12737
945    ^p150^l0^i12738
945    ^p150^l0^i12739
945    ^p150^l0^i12740
945    ^p150^l0^i12741
995    ^aวิภา
999 ^a ใช้งานได้ทุกระบบ
รายการนี้ยังไม่มีแท็ก
คุณยังไม่ได้ล็อกอิน คุณสามารถมีกิจกรรมร่วมกับเว็บไซต์ได้ แต่ต้องล็อกอินก่อน ::
  ล็อกอิน

รายการสื่อสารสนเทศ

ลำดับที่ ประเภท เลขเรียก/บาร์โค้ด สถานที่ สถานะ
1. วิทยาศาสตร์การแพทย์ และสุขภาพ
วิทยาศาสตร์การแพทย์ และสุขภาพ
WY161 ด111ก 2546  
  Barcode: 12737
ห้องสมุดวิทยาเขตสวรรค์ประชารักษ์
►หนังสือทั่วไป
ถูกยืม กำหนดส่งวันที่ 11 พฤษภาคม 2558
  จอง
2. วิทยาศาสตร์การแพทย์ และสุขภาพ
วิทยาศาสตร์การแพทย์ และสุขภาพ
WY161 ด111ก 2546 ฉ.2 
  Barcode: 12738
ห้องสมุดวิทยาเขตสวรรค์ประชารักษ์
►หนังสือทั่วไป
ถูกยืม กำหนดส่งวันที่ 11 พฤษภาคม 2558
  จอง
3. วิทยาศาสตร์การแพทย์ และสุขภาพ
วิทยาศาสตร์การแพทย์ และสุขภาพ
WY161 ด111ก 2546 ฉ.3 
  Barcode: 12739
ห้องสมุดวิทยาเขตสวรรค์ประชารักษ์
►หนังสือทั่วไป
ถูกยืม กำหนดส่งวันที่ 11 พฤษภาคม 2558
  จอง
4. วิทยาศาสตร์การแพทย์ และสุขภาพ
วิทยาศาสตร์การแพทย์ และสุขภาพ
WY161 ด111ก 2546 ฉ.4 
  Barcode: 12740
ห้องสมุดวิทยาเขตสวรรค์ประชารักษ์
►หนังสือทั่วไป
ถูกยืม กำหนดส่งวันที่ 11 พฤษภาคม 2558
  จอง
5. วิทยาศาสตร์การแพทย์ และสุขภาพ
วิทยาศาสตร์การแพทย์ และสุขภาพ
WY161 ด111ก 2546 ฉ.5 
  Barcode: 12741
ห้องสมุดวิทยาเขตสวรรค์ประชารักษ์
►หนังสือทั่วไป
ถูกยืม กำหนดส่งวันที่ 11 พฤษภาคม 2558
  จอง

รายการใกล้เคียง
    หัวเรื่อง [Nursing Care]
    หัวเรื่อง [Perioperative Nursing]
    หัวเรื่อง [การพยาบาลศัลยศาสตร์]
    หัวเรื่อง [การพยาบาล]

BibComment


ยังไม่เคยถูกคอมเมนท์

คอมเมนท์ทรัพยากรรายการนี้
  คอมเมนท์: การพยาบาลผู้ป่วย..


 Copyright 2026. Bcnsprnw @Library